Normal view
MARC view
- SUBTAIN,SHERJEEL
Entry Personal Name
001 - CONTROL NUMBER
- control field: 72387
003 - CONTROL NUMBER IDENTIFIER
- control field: NUST
005 - DATE AND TIME OF LATEST TRANSACTION
- control field: 20210628204805.0
008 - FIXED-LENGTH DATA ELEMENTS
- fixed length control field: 210628|| aca||aabn | a|a d
040 ## - CATALOGING SOURCE
- Original cataloging agency: NUST
- Transcribing agency: NUST
100 ## - HEADING--PERSONAL NAME
- Personal name: SUBTAIN,SHERJEEL
670 ## - SOURCE DATA FOUND
- Source citation: Work cat.: (NUST): SUBTAIN,SHERJEEL,, PR-SOF-1070-QUADROCOPTER, 2011
